[Event "Sitges Sunway op 10th"]
[Site "Sitges"]
[Date "2023.12.21"]
[Round "9"]
[White "Bell, Luke"]
[Black "Mirza, Diana"]
[Result "1/2-1/2"]
[WhiteElo "1654"]
[BlackElo "1901"]
[PlyCount "92"]
[EventDate "2023.12.12"]
[EventType "swiss"]
[EventRounds "10"]
[EventCountry "ESP"]
[SourceTitle "CB52_2023"]
[SourceDate "2023.12.27"]
[SourceVersion "1"]
[SourceVersionDate "2023.12.27"]
[SourceQuality "1"]

1. e4 c5 2. Nf3 e6 3. c3 Nf6 4. e5 Nd5 5. g3 Nc6 6. Bg2 d6 7. exd6 Bxd6 8. 0-0 0-0 9. d4 cxd4 10. Nxd4 Nxd4 11. Qxd4 Qb6 12. Be3 Qxb2 13. Bxd5 exd5 14. Nd2 Be7 15. Qxd5 Qxc3 16. Rac1 Qf6 17. Ne4 Qe6 18. Qxe6 Bxe6 19. Rc7 Rfe8 20. Rd1 Bg4 21. Rd4 Bf3 22. Nd6 Bxd6 23. Rxd6 Rad8 24. Rxd8 Rxd8 25. Rc1 b6 26. h3 h5 27. Kh2 f6 28. Rc7 Rd1 29. g4 h4 30. Rc1 Rd5 31. Rc3 Rd1 32. Rc1 Rd3 33. g5 Kf7 34. gxf6 gxf6 35. Rc4 Ra3 36. Rc2 Bd5 37. Rc7+ Kg6 38. Rd7 Bxa2 39. Rd4 f5 40. Rxh4 Bd5 41. Rh6+ Kg7 42. Rd6 Bf3 43. Kg3 Bh5 44. Kh4 Bf7 45. Kg5 Ra5 46. Bd4+ Kf8 1/2-1/2